000 00584nam a2200193Ia 4500
003 GCL
008 140319s9999 xx 000 0 eng d
040 _aGCL /
_cGCL
082 0 4 _a745.92
_bA A
100 1 _aAGENAA ESPONAL DE COOPERACION INTERNACIL
245 1 0 _aEL ARTE HISPANOMUSULMAN EN SU DECORACION FLRAL /
_cAGENAA ESPONAL DE COOPERACION INTERNACIL
260 _a[S.N] :
_bMINISTERIO DE CULTURA ،
_c1990
300 _a148 P
650 0 4 _aISLAMIC EMPIRE
650 0 4 _aDECORATIVE ARTS
650 0 4 _aFLORAL DECORATION
650 0 4 _aHISPANO - ISLAMIC ART
942 _2ddc
_cBK
999 _c14916
_d14916